Literatura światowa - Statystyki

Ogólne statystyki
  • Ten quiz został rozwiązany 109 razy
  • Średni wynik to 6 z 10
Statystyki odpowiedzi
Ksiązka Autor % Poprawnych
Porces Franz Kafka
91%
Wiedźmin Andrzej Sapkowski
83%
Mistrz i Małgorzata Michaił Bułhakow
82%
Anna Karenina Lew Tołstoj
80%
Lśnienie Steven King
74%
Komu bije dzwon Ernest Hemingway
62%
Sto lat samotności Gabriel García Márquez
57%
Wielki Gatsby Francis Scott Fitzgerald
51%
Zabić drozda Harper Lee
51%
Ulisses James Joys
20%
Nie znaleziono quizów pasujących do podanych kryteriów
Rozkład punktacji
Procent ludzi z każdym wynikiem
Percentyl według liczby udzielonych odpowiedzi
Twoja historia wyników
Nie rozwiązałeś tego quizu